| 000 | 00959nam a22002177a 4500 | ||
|---|---|---|---|
| 999 |
_c59064 _d59064 |
||
| 003 | Ge_BSU | ||
| 005 | 20221115163017.0 | ||
| 008 | 221115s2007 ge ||||| |||| 00| 0 geo d | ||
| 020 | _a9789994063604 | ||
| 041 | _ageo | ||
| 080 | _a342.565.2(479.22) ზ-78 | ||
| 100 |
_aზოიძე, ბესარიონ _915838 |
||
| 245 |
_aსაკონსტიტუციო კონტროლი და ღირებულებათა წესრიგი საქართველოში / _cბესარიონ ზოიძე. |
||
| 264 |
_aთბილისი : _bGTZ, _c2007. |
||
| 300 |
_a216 გვ. ; _b23 სმ. |
||
| 504 | _aბიბლიოგრ. ტექსტ. შენიშვნ. | ||
| 520 | _a რეზ. გერმ. ენ. | ||
| 653 | _aსაქართველოს საკონსტიტუციო სასამართლო | ||
| 653 | _aსამართალი | ||
| 942 |
_2udc _cBK |
||